K.A.Nilakantha Sastri : Writings in the Hindu (Record no. 230504)

MARC details
000 -LEADER
fixed length control field 00436nam a2200181Ia 4500
008 - FIXED-LENGTH DATA ELEMENTS--GENERAL INFORMATION
fixed length control field 240823s9999||||xx |||||||||||||| ||und||
082 ## - DEWEY DECIMAL CLASSIFICATION NUMBER
-- 934 Q8
100 ## - MAIN ENTRY--PERSONAL NAME
Personal name The Hindu
245 #0 - TITLE STATEMENT
Title K.A.Nilakantha Sastri : Writings in the Hindu
250 ## - EDITION STATEMENT
Edition statement 1st
260 ## - PUBLICATION, DISTRIBUTION, ETC. (IMPRINT)
Date of publication, distribution, etc 2018
Name of publisher, distributor, etc THG Publishing Private Li
500 ## - GENERAL NOTE
General note YES
650 ## - SUBJECT ADDED ENTRY--TOPICAL TERM
Topical term or geographic name as entry element Biography
942 ## - ADDED ENTRY ELEMENTS (KOHA)
Item type Books
Holdings
Withdrawn status Lost status Damaged status Permanent location Current location Date acquired Source of acquisition Cost, normal purchase price Full call number Barcode Date last seen Koha item type
      CENTRAL LIBRARY, NOORUL ISLAM CENTRE FOR HIGHER EDUCATION CENTRAL LIBRARY, NOORUL ISLAM CENTRE FOR HIGHER EDUCATION 01/31/2019 "The Hindu, Tirunelveli" 299.00 934 Q8 78714 08/23/2024 Books
Visitors:
Copyright © 2024 Central Library NICHE.  All rights reserved.